Loading...
(Eng) Contemporary indian short stories/
| Hovedforfatter: | |
|---|---|
| Format: | Printed Book |
| Udgivet: |
New Delhi:
Sahitya Akademi,
1982.
|
| LEADER | 00381 a2200109 4500 | ||
|---|---|---|---|
| 100 | |a Bhabani Bhattacharya | ||
| 245 | |a (Eng) Contemporary indian short stories/ |c Bhabani Bhattacharya | ||
| 260 | |a New Delhi: |b Sahitya Akademi, |c 1982. | ||
| 300 | |a 240p. | ||
| 942 | |2 ddc |c BK | ||
| 999 | |c 240969 |d 240969 | ||
| 952 | |0 0 |1 0 |4 0 |7 0 |9 267458 |a HIN |b HIN |c ST1 |d 2011-10-31 |i 13161 |l 0 |p HIN13161 |r 2014-02-07 |w 2014-02-07 |y BK | ||